| 000 | 00542nam a2200181Ia 4500 | ||
|---|---|---|---|
| 003 | GCL | ||
| 008 | 140319s9999 xx 000 0 ara d | ||
| 040 |
_aGCL / _cGCL |
||
| 082 | 0 | 4 |
_aق _b953.082 _bم س |
| 100 | 1 | _aمحمد حمزة اسماعيل | |
| 245 | 1 | 0 |
_aالسلطان المنصور قلاوون / _cمحمد حمزة اسماعيل |
| 260 |
_a[S.N] : _bمكتبة مدبولى ، _c1993 |
||
| 300 | _a245 ص | ||
| 490 |
_aصفحات من تاريخ مصر _v0 |
||
| 650 | 0 | 4 | _aمصر |
| 650 | 0 | 4 | _aتاريخ |
| 942 |
_2ddc _cBK |
||
| 999 |
_c52976 _d52976 |
||